Castellano. tercer curso /

Guardado en:
Autor Principal: Lacau, Maria H. P. Mujica De
Formato: Libro
Publicado: Argentina : Ciordia, 1959
Edición:5a. ed.
Materias:
Etiquetas: Agregar Etiqueta
Sin Etiquetas, Sea el primero en etiquetar este registro!
LEADER 00466nam a22001695a 4500
001 CEM.cems003676
005 19000101000000.0
008 130507s1959##################000#0#####d
003 CEMS
082 0 4 |a 468 
100 1 |a Lacau, Maria H. P. Mujica De 
245 1 0 |a Castellano. tercer curso / 
250 |a 5a. ed. 
260 |a Argentina :  |b Ciordia,  |c 1959 
300 |a 252 p. 
653 |a Lengua y literatura 
859 |a CEMS  |b BIB. CEMS - 11 de abril  |h 468  |i L116a5/III  |p 10119.81  |t Ej.1